| 000 | 00629nam a22002057a 4500 | ||
|---|---|---|---|
| 999 |
_c13797 _d13797 |
||
| 003 | AR-CdUCM | ||
| 008 | 190416b ||||| |||| 00| 0 spa d | ||
| 020 | _a9972-847-22-5 | ||
| 040 |
_aMUNICIPALIDAD PROVINCIAL DEL CUSCO _cBIBLIOTECA MUNICIPAL DEL CUSCO |
||
| 082 |
_aEP / 803 / _bES82 |
||
| 100 |
_aEslava, Jorge. _925304 |
||
| 245 | _aLas torres del castillo / | ||
| 260 |
_aLima : _bGrupo Santillana, _c2007. |
||
| 300 |
_a55 paginas ; _c22 cm. |
||
| 440 |
_aCuenta cosas Alfaguara. _932361 |
||
| 505 | _aContenido :Las torres del castillo. | ||
| 650 |
_aCuentos _9217 |
||
| 942 |
_2ddc _cLIBROS |
||
| 945 |
_arum _d2019-04-16 |
||